<?xml version="1.0" encoding="UTF-8"?><?xml-stylesheet type="text/xsl" href="static/style.xsl"?><OAI-PMH xmlns="http://www.openarchives.org/OAI/2.0/" xmlns:xsi="http://www.w3.org/2001/XMLSchema-instance" xsi:schemaLocation="http://www.openarchives.org/OAI/2.0/ http://www.openarchives.org/OAI/2.0/OAI-PMH.xsd"><responseDate>2026-04-17T02:47:32Z</responseDate><request verb="GetRecord" identifier="oai:www.recercat.cat:11351/10554" metadataPrefix="marc">https://recercat.cat/oai/request</request><GetRecord><record><header><identifier>oai:recercat.cat:11351/10554</identifier><datestamp>2025-10-24T10:23:08Z</datestamp><setSpec>com_2072_378070</setSpec><setSpec>com_2072_378040</setSpec><setSpec>col_2072_378092</setSpec></header><metadata><record xmlns="http://www.loc.gov/MARC21/slim" xmlns:dcterms="http://purl.org/dc/terms/" xmlns:xsi="http://www.w3.org/2001/XMLSchema-instance" xmlns:doc="http://www.lyncode.com/xoai" xsi:schemaLocation="http://www.loc.gov/MARC21/slim http://www.loc.gov/standards/marcxml/schema/MARC21slim.xsd">
   <leader>00925njm 22002777a 4500</leader>
   <datafield ind2=" " ind1=" " tag="042">
      <subfield code="a">dc</subfield>
   </datafield>
   <datafield ind2=" " ind1=" " tag="720">
      <subfield code="a">EL MAMMERY JOUNDI, ACHRAF</subfield>
      <subfield code="e">author</subfield>
   </datafield>
   <datafield ind2=" " ind1=" " tag="720">
      <subfield code="a">Ramirez de Arellano, Eva</subfield>
      <subfield code="e">author</subfield>
   </datafield>
   <datafield ind2=" " ind1=" " tag="720">
      <subfield code="a">Cañada-Garcia, Javier E.</subfield>
      <subfield code="e">author</subfield>
   </datafield>
   <datafield ind2=" " ind1=" " tag="720">
      <subfield code="a">Cercenado, Emilia</subfield>
      <subfield code="e">author</subfield>
   </datafield>
   <datafield ind2=" " ind1=" " tag="720">
      <subfield code="a">Villar Gómara, Laura</subfield>
      <subfield code="e">author</subfield>
   </datafield>
   <datafield ind2=" " ind1=" " tag="720">
      <subfield code="a">Casquero-García, Verónica</subfield>
      <subfield code="e">author</subfield>
   </datafield>
   <datafield ind2=" " ind1=" " tag="720">
      <subfield code="a">Larrosa, María Nieves</subfield>
      <subfield code="e">author</subfield>
   </datafield>
   <datafield ind2=" " ind1=" " tag="260">
      <subfield code="c">2023-11-08T09:35:37Z</subfield>
   </datafield>
   <datafield ind2=" " ind1=" " tag="260">
      <subfield code="c">2023-11-08T09:35:37Z</subfield>
   </datafield>
   <datafield ind2=" " ind1=" " tag="260">
      <subfield code="c">2023-09-26</subfield>
   </datafield>
   <datafield ind2=" " ind1=" " tag="520">
      <subfield code="a">Staphylococcus aureus; Antibiotic resistance; Macrolides</subfield>
   </datafield>
   <datafield ind2=" " ind1=" " tag="520">
      <subfield code="a">Staphylococcus aureus; Resistència als antibiòtics; Macròlids</subfield>
   </datafield>
   <datafield ind2=" " ind1=" " tag="520">
      <subfield code="a">Staphylococcus aureus; Resistencia a los antibióticos; Macrólidos</subfield>
   </datafield>
   <datafield ind2=" " ind1=" " tag="520">
      <subfield code="a">Objectives: To describe and analyse erythromycin resistance trends in blood isolates of Staphylococcus aureus (EARS-Net Spain, 2004–2020) and the association of these trends with the consumption of macrolide, lincosamide, and streptogramin B (MLSB) antibiotics. To assess molecular changes that could be involved in erythromycin resistance trends by whole genome analysis of representative isolates.&#xd;
Materials and methods: We collected antibiotic susceptibility data for all first-blood S. aureus isolates in patients from 47 Spanish hospitals according to EARS-Net criteria. MLSB antibiotic consumption was obtained from the Spanish Agency for Medicines and Medical Devices (2008–2020). We sequenced 137 representative isolates for core genome multilocus sequence typing, resistome and virulome analysis.&#xd;
Results: For the 36,612 invasive S. aureus isolates, methicillin resistance decreased from 26.4% in 2004 to 22.4% in 2020. Erythromycin resistance in methicillin-susceptible S. aureus (MSSA) increased from 13.6% in 2004 to 28.9% in 2020 (p &lt; 0.001); however, it decreased from 68.7 to 61.8% (p &lt; 0.0001) in methicillin-resistant S. aureus (MRSA). Total consumption of MLSB antibiotics increased from 2.72 defined daily doses per 1,000 inhabitants per day (DID) in 2014 to 3.24 DID in 2016. By WGS, the macrolide resistance genes detected were erm (59.8%), msrA (46%), and mphC (45.2%). The erm genes were more prevalent in MSSA (44/57, 77.2%) than in MRSA (38/80, 47.5%). Most of the erm genes identified in MSSA after 2013 differed from the predominant ermC gene (17/22, 77.3%), largely because ermT was significantly associated with MSSA after 2013 (11/29, 37.9%). All 13 ermT isolates in this study, except one, belonged to ST398 and came from 10 hospitals and six Spanish provinces.&#xd;
Conclusion: The significant increase in erythromycin resistance in blood MSSA correlated with the consumption of the MLSB antibiotics in Spain. These preliminary data seem support the hypothesis that the human ST398 MSSA clade with ermT-mediated resistance to erythromycin may be involved in this trend.</subfield>
   </datafield>
   <datafield ind2=" " ind1=" " tag="520">
      <subfield code="a">This research was supported by CIBER—Consorcio Centro de Investigación Biomédica en Red (CB21/13/00095, CB21/13/00006, CB21/13/00054, CB21/13/00068, CB21/13/00084, CB21/13/00099 groups of CIBERINFEC; CB06/06/0058 group of CIBERES), Instituto de Salud Carlos III, Ministerio de Ciencia e Innovación and Unión Europea-NextGenerationEU. This research was also supported by Personalized and precision medicine grant from the Instituto de Salud Carlos III (MePRAM Project, PMP22/00092), and by the Antibiotic Resistance and Staphylococcus aureus Surveillance Programs of the National Center for Microbiology, Instituto de Salud Carlos III.</subfield>
   </datafield>
   <datafield ind1="8" ind2=" " tag="024">
      <subfield code="a">http://hdl.handle.net/11351/10554</subfield>
   </datafield>
   <datafield tag="653" ind2=" " ind1=" ">
      <subfield code="a">Microorganismes - Resistència als medicaments</subfield>
   </datafield>
   <datafield tag="653" ind2=" " ind1=" ">
      <subfield code="a">Estafilococs daurats</subfield>
   </datafield>
   <datafield tag="653" ind2=" " ind1=" ">
      <subfield code="a">Resistència a la meticil·lina</subfield>
   </datafield>
   <datafield tag="653" ind2=" " ind1=" ">
      <subfield code="a">PHENOMENA AND PROCESSES::Physiological Phenomena::Pharmacological and Toxicological Phenomena::Pharmacological Phenomena::Drug Resistance</subfield>
   </datafield>
   <datafield tag="653" ind2=" " ind1=" ">
      <subfield code="a">ORGANISMS::Bacteria::Bacteria::Firmicutes::Bacillales::Staphylococcaceae::Staphylococcus::Staphylococcus aureus::Bacteria::Bacteria::Methicillin-Resistant Staphylococcus aureus</subfield>
   </datafield>
   <datafield tag="653" ind2=" " ind1=" ">
      <subfield code="a">FENÓMENOS Y PROCESOS::fenómenos fisiológicos::fenómenos farmacológicos y toxicológicos::fenómenos farmacológicos::resistencia a medicamentos</subfield>
   </datafield>
   <datafield tag="653" ind2=" " ind1=" ">
      <subfield code="a">ORGANISMOS::Bacteria::Bacteria::Firmicutes::Bacillales::Staphylococcaceae::Staphylococcus::Staphylococcus aureus::Bacteria::Bacteria::Staphylococcus aureus resistente a meticilina</subfield>
   </datafield>
   <datafield ind2="0" ind1="0" tag="245">
      <subfield code="a">An increase in erythromycin resistance in methicillin-susceptible Staphylococcus aureus from blood correlates with the use of macrolide/lincosamide/streptogramin antibiotics. EARS-Net Spain (2004–2020)</subfield>
   </datafield>
</record></metadata></record></GetRecord></OAI-PMH>